书目信息 |
| 题名: |
传习录的教育智慧
|
|
| 作者: | 漆宇勤 著 | |
| 分册: | ||
| 出版信息: | 北京 中国商业出版社 2018 |
|
| 页数: | 175页 | |
| 开本: | 24cm | |
| 丛书名: | 中国古代教育智慧 | |
| 单 册: | ||
| 中图分类: | B248.2 , G40-092.48 | |
| 科图分类: | ||
| 主题词: | 教育思想--jiao yu si xiang--研究--中国--明代 | |
| 电子资源: | ||
| ISBN: | 978-7-5208-0343-4 | |
| 000 | 01266nam 2200301 450 | |
| 001 | 012001006766 | |
| 005 | 20140101153927.0 | |
| 010 | @a978-7-5208-0343-4@dCNY35.00 | |
| 099 | @aCAL 012018138730 | |
| 100 | @a20181102d2018 em y0chiy50 ea | |
| 101 | 0 | @achi |
| 102 | @aCN@b110000 | |
| 105 | @aa z 000yy | |
| 106 | @ar | |
| 200 | 1 | @a传习录的教育智慧@Achuan xi lu de jiao yu zhi hui@f漆宇勤著 |
| 210 | @a北京@c中国商业出版社@d2018 | |
| 215 | @a175页@c图@d24cm | |
| 225 | 2 | @a中国古代教育智慧@AZhong Guo Gu Dai Jiao Yu Zhi Hui |
| 330 | @a本书阐述《传习录》的教育思想,内容丰富,观点标新立异,自成一派,其独立的体系开启了一代学术风气。针对程朱理学教育的偏颇流弊,他指出必须要重振孔孟之道,突出伦理本位,扭转空疏学风为实德实行的“实学”,重建新儒家教育学说。本书分三个部分,第一部分针对《传习录》教育思想的阐述;第二部分剖析《传习录》教育智慧;第三部分摘录《传习录》其中篇章进行分析。 | |
| 333 | @a适用于哲学理论的研究人员、哲学爱好者及相关读者。 | |
| 410 | 0 | @12001 @a中国古代教育智慧 |
| 605 | @a传习录@Achuan xi lu@x研究 | |
| 606 | 0 | @a教育思想@Ajiao yu si xiang@x研究@y中国@z明代 |
| 690 | @aB248.2@v5 | |
| 690 | @aG40-092.48@v5 | |
| 701 | 0 | @a漆宇勤@Aqi yu qin@4著 |
| 801 | 0 | @aCN@b上海新华@c20191020 |
| 905 | @b1132217-20@dB248.2@e91@f4 | |
| 传习录的教育智慧/漆宇勤著.-北京:中国商业出版社,2018 |
| 175页:图;24cm.-(中国古代教育智慧) |
| 使用对象:适用于哲学理论的研究人员、哲学爱好者及相关读者。 |
| ISBN 978-7-5208-0343-4:CNY35.00 |
| 本书阐述《传习录》的教育思想,内容丰富,观点标新立异,自成一派,其独立的体系开启了一代学术风气。针对程朱理学教育的偏颇流弊,他指出必须要重振孔孟之道,突出伦理本位,扭转空疏学风为实德实行的“实学”,重建新儒家教育学说。本书分三个部分,第一部分针对《传习录》教育思想的阐述;第二部分剖析《传习录》教育智慧;第三部分摘录《传习录》其中篇章进行分析。 |
| ● |
| 相关链接 |
|
|
|
|
正题名:传习录的教育智慧
索取号:B248.2/91
 
预约/预借
| 序号 | 登录号 | 条形码 | 馆藏地/架位号 | 状态 | 备注 |
| 1 | 1132217 | 211322175 | 第一样本阅览室/ [索取号:B248.2/91] | 在馆 | |
| 2 | 1132218 | 211322184 | 第一借阅区/ [索取号:B248.2/91] | 在馆 | |
| 3 | 1132219 | 211322193 | 第一借阅区/ [索取号:B248.2/91] | 在馆 | |
| 4 | 1132220 | 211322200 | 第一借阅区/ [索取号:B248.2/91] | 在馆 |